| 000 | 00535nam a2200193Ia 4500 | ||
|---|---|---|---|
| 008 | 151121s9999||||xx |||||||||||||| ||und|| | ||
| 082 | _a813/माने | ||
| 082 | _bHNW-71942 | ||
| 100 | _aमाने लक्ष्मण | ||
| 245 | _aउपरा | ||
| 260 | _b"ग्रंथाली, मुंबई।" | ||
| 260 | _c-- | ||
| 300 | _a157 | ||
| 600 | _aमाने लक्ष्मण | ||
| 630 | _aउपरा | ||
| 700 | _aमाने लक्ष्मण | ||
| 730 | _aउपरा | ||
| 942 | _cBOOK | ||
| 999 |
_c1253406 _d1253403 |
||